00642nam a2200181 a 450000500170000000800410001702000180005805000300007610000230010624500960012926000410022530000180026650000390028465000130032365000290033665000400036565000550040520140412111304.0010327s19uu xx 00 eng d a0-87120-192-5 aTR(GS 371.1'02bM393 1992 aMarzano, Robert J. aA different kind of classroom :bteaching with dimensions of learning /cRobert J. Marzano. aAlexandria, Virginia :bASCD,c1992. ax p. ; 191 p. aIncludes bibliographical reference aTeaching aLearning, Psychology of. aCurriculum planning - United States aEducational tests and measurements - United States